Statistics for Random World Series Winners by Year

Click here to take the quiz!

General Stats

  • This quiz has been taken 84 times
  • The average score is 13 of 20

Answer Stats

YearWorld Series Champion% Correct
1999New York Yankees
100%
1958New York Yankees
100%
2000New York Yankees
94%
1938New York Yankees
93%
2004Boston Red Sox
92%
2022Houston Astros
92%
1949New York Yankees
92%
1962New York Yankees
92%
1975Cincinnati Reds
89%
2020Los Angeles Dodgers
89%
2009New York Yankees
89%
1998New York Yankees
89%
2017Houston Astros
88%
1961New York Yankees
87%
1936New York Yankees
87%
1993Toronto Blue Jays
87%
1988Los Angeles Dodgers
86%
1981Los Angeles Dodgers
86%
1931St. Louis Cardinals
86%
2023Texas Rangers
83%
1943New York Yankees
82%
2015Kansas City Royals
81%
1952New York Yankees
81%
2011St. Louis Cardinals
81%
1982St. Louis Cardinals
80%
2006St. Louis Cardinals
80%
1953New York Yankees
79%
1970Baltimore Orioles
78%
1926St. Louis Cardinals
78%
2005Chicago White Sox
77%
1973Oakland Athletics
77%
1989Oakland Athletics
77%
2013Boston Red Sox
75%
1955Brooklyn Dodgers
75%
1919Cincinnati Reds
75%
1950New York Yankees
75%
1932New York Yankees
74%
1995Atlanta Braves
73%
1976Cincinnati Reds
73%
1928New York Yankees
73%
1951New York Yankees
73%
1948Cleveland Indians
71%
1986New York Mets
71%
1947New York Yankees
71%
1937New York Yankees
71%
1996New York Yankees
71%
2008Philadelphia Phillies
71%
1967St. Louis Cardinals
71%
1959Los Angeles Dodgers
70%
1965Los Angeles Dodgers
70%
1927New York Yankees
70%
2014San Francisco Giants
70%
1977New York Yankees
69%
2001Arizona Diamondbacks
67%
1966Baltimore Orioles
67%
1983Baltimore Orioles
67%
1916Boston Red Sox
67%
1984Detroit Tigers
67%
1956New York Yankees
67%
1939New York Yankees
67%
2010San Francisco Giants
67%
2012San Francisco Giants
67%
2019Washington Nationals
67%
2021Atlanta Braves
65%
1957Milwaukee Braves
64%
1922New York Giants
64%
1941New York Yankees
64%
1974Oakland Athletics
64%
1964St. Louis Cardinals
64%
1918Boston Red Sox
63%
1912Boston Red Sox
63%
1913Philadelphia Athletics
63%
2018Boston Red Sox
62%
1968Detroit Tigers
60%
1985Kansas City Royals
60%
1954New York Giants
60%
1923New York Yankees
60%
1933New York Giants
58%
1969New York Mets
58%
1990Cincinnati Reds
57%
1997Florida Marlins
56%
1963Los Angeles Dodgers
56%
1992Toronto Blue Jays
56%
2016Chicago Cubs
55%
1971Pittsburgh Pirates
55%
2002Anaheim Angels
54%
1907Chicago Cubs
54%
1980Philadelphia Phillies
54%
1978New York Yankees
53%
1972Oakland Athletics
53%
1944St. Louis Cardinals
53%
2007Boston Red Sox
50%
1915Boston Red Sox
50%
1920Cleveland Indians
50%
1945Detroit Tigers
46%
1991Minnesota Twins
46%
1987Minnesota Twins
46%
2003Florida Marlins
45%
1917Chicago White Sox
44%
1910Philadelphia Athletics
43%
1946St. Louis Cardinals
43%
1911Philadelphia Athletics
42%
1906Chicago White Sox
40%
1929Philadelphia Athletics
40%
1979Pittsburgh Pirates
40%
1934St. Louis Cardinals
40%
1914Boston Braves
38%
1908Chicago Cubs
38%
1905New York Giants
38%
1930Philadelphia Athletics
38%
1935Detroit Tigers
33%
1921New York Giants
33%
1942St. Louis Cardinals
33%
1940Cincinnati Reds
22%
1903Boston Americans
20%
1909Pittsburgh Pirates
18%
1960Pittsburgh Pirates
18%
1924Washington Senators
14%
1925Pittsburgh Pirates
0%

Score Distribution

Percentile by Number Answered

Percent of People with Each Score

Your Score History

You have not taken this quiz